01129nam a22003617a 4500001001100000003000900011005001700020007001100037008003700048017000900085020001500094035000600109040002500115080000600140080000600146082002700152100003300179245006600212250001400278260004500292300002200337490003100359500002100390590002600411651004800437651004600485651003300531856000600564910004200570942001200612952012800624999001500752 001944217DO-SdBNP20230317130346.0 001944217040524s 1999 sp | ||| ||spa  a b  a8432303852 a  aBPMSUbspacBPMSUe  0a  0a  4a330.98bG152v 19992221 aGaleano, Eduardo,d1940-201514aLas venas abiertas de América Latina /cEduardo Galeano.h  a15a. ed.  aMadrid :bSiglo XXI de España, c1999. a486 p. ;c21 cm. 0 aBiblioteca Eduardo Galeano aIncluye índice 6Inventariado, 2023/VM 4aAmérica Latina xCondiciones económicas 4aAmérica Latinaxcodiciones sociales2  4aAmérica Latina xHistoria 41u  aVMateo V. Control de calidad (BPMSU) 2ddccBK 00102ddc40708CGaBPMETbBPMETd2015-12-11eFUNDIoBPMSU CG 330.98 G152v 1999pBPMSU15120144r2015-12-11w2015-12-11yBK c9105d9105